000 01397nam a22001937a 4500
005 20210601204548.0
008 210601s2001 pe ||||| |||| 00| 0 spa d
020 _a9972-51-061-1
040 _cCAAAP
050 _aHD
_b1741.B67
245 _aDerechos de agua y acción colectiva /
_cRutgerd Boelens, Paul Hoogendam, editores.
260 _aLima :
_bIEP,
_c2001
300 _a345 p. :
_bil., mapas ;
_c23 cm.
505 0 _aDerechos de agua y acción colectiva en el riego comunitario -- Política cultural y resistencia local en la irrigación de la sierra -- La materialización de los derechos de agua -- Los derechos de agua y el fortalecimiento de las organizaciones de usuarios -- Las dimensiones de género de los derechos de agua en los sistemas de riego andino -- La gestión del agua en las cuencas andinas y el fortalecimiento de las organizaciones de usuarios -- Recetas y resistencia -- Diseño y derechos de agua -- Normas locales y competencia sobre el agua en las comunidades aymaras y atacameñas del norte de Chile -- La renegociación de los derechos de agua en el antiguo sistema de riego de Urcuquí, Ecuador -- Derechos de agua y el "Empoderamiento" en medio de marcos normativos conflictivos en Ceceles, Ecuador.
650 0 _9381
_aDerechos Humanos
650 0 _93189
651 0 _92178
_aRegión andina (Perú)
_xCondiciones económicas
942 _2lcc
_bDD - MM - AA
_cBK
999 _c1521
_d1521